000 01291nam a2200325 i 4500
003 DO-SdBNP
005 20260218122119.0
007 ta
008 260129b2025 dr ||||| |||| 00| 0 spa d
020 _a9789945245561
040 _aDO-SdBNP
_bspa
_cBNPHU
_erda
041 _aspa
082 4 _aRD863.44
_bG146L
_222
100 1 _aGalán, Bismar,
_eautor
_d1961-
_4aut.
_91490
245 1 0 _aCocorícamo /
_cBismar Galán ; edición, Jorge Luis Zamora ; corrección de estilo, Gisela Vargas Ortega ; ilustración de la cubierta, Guillermo Pérez ; diagramación, Ana Gómez Otaño y Joaquín Mota.
264 4 _aSanto Domingo, República Dominicana :
_bSantillana Infantil y Juvenil, S. L.,
_c©2024.
300 _a198 páginas ;
_c23 cm.
336 _atexto
_btxt
_2rdacontent
337 _asin mediación
_bn
_2rdamedia
338 _avolumen
_bnc
_2rdacarrier
490 0 _aLoqueleo
590 _aInventariado, 2026 /LP.
648 7 _aNovela infantil dominicana
_2LIBRUNAM
_989056
650 7 _aNovela juvenil dominicana
_2LIBRUNAM
_937740
650 7 _aLiteratura dominicana
_2LIBRUNAM
_933379
700 1 _aVargas Ortega, Gisela
_ecorrector
_4corr.
_95746
700 1 _aZamora, Jorge Luis
_eeditor
_4ed.
_942960
910 _aLP/Validado, Control de calidad MFF
942 _2ddc
_cLBS1
999 _c60163
_d60163